000 00292nam a22001217a 4500
008 180518b xxu||||| |||| 00| 0 eng d
041 _aeng
080 _a043.3
100 _a0
101 _aMBE-MTH
245 _aBusiness communication management in ETC Company
_cShkodra,E
942 _2udc
_cBK
999 _c45939
_d45939